00551nam a22001577a 450000500170000002000320001703500130004903700130006210000260007524500660010126000410016730000220020894200250023099900170025595201210027220120618153317.0 a8170999294cRs.450.00 (hbk) aB-128183 aDPLbENG aMohammad Miyan949296 aProfessionalisation of teacher education /cby Mohammad Miyan aNew DelhibMittal Publicationsc2004 av, 207p.c20 cms. 2ddccENh370.71mMOH c68065d68065 001040708NFICaZLSbZLSd2012-06-18g450.00l0o370.71 MOHpB-128183r2012-06-18 00:00:00v450.00w2012-06-18yEN